Football : Équipe de France coupe du monde 2018 - Statistiques

Statistiques générales
  • Ce quiz a été pris 225 fois
  • Le résultat moyen est 19 sur 23
Statistiques - réponses
Club Poste Joueur % Correct
Tottenham Gardien Lloris
99%
PSG Ailier Mbappé
97%
Manchester United Milieu Pogba
96%
Atletico Madrid Milieu offensif Griezmann
94%
Chelsea Attaquant de pointe Giroud
93%
Chelsea Milieu défensif Kanté
93%
Stuttgart Latéral droit Pavard
91%
Real Madrid Défenseur central Varane
91%
FC Barcelone Ailier Dembélé
90%
PSG Gardien Areola
87%
OM Gardien Mandanda
87%
PSG Défenseur central Kimpembe
85%
FC Barcelone Défenseur central Umtiti
85%
Atletico Madrid Latéral gauche Hernandez
84%
OM Défenseur central Rami
79%
Juventus Milieu/Ailier Matuidi
78%
Bayern Munich Milieu Tolisso
76%
Manchester City Latéral gauche Mendy
72%
OM Ailier Thauvin
72%
OL Milieu offensif Fekir
70%
Séville Milieu défensif N'Zonzi
67%
AS Monaco Milieu Lemar
65%
AS Monaco Latéral droit Sidibé
61%
Aucun quiz correspondant
Distribution des résultats
% des personnes avec chaque résultat
Percentile par nombre de réponses
Votre historique - résultats
Vous n’avez pas pris ce quiz